Dynamic Modeling Predictive Control and Performance Monitoring : A Data - driven Subspace Approach

Na minha lista:
Detalhes bibliográficos
Main Authors: Huang, Biao (Author), Kadali, Ramesh (Author)
Formato: Livro
Idioma:inglês
Publicado em: London : Springer Verlag London, 2008
Edição:1. Edition
Assuntos:
Tags: Adicionar Tag
Sem tags, seja o primeiro a adicionar uma tag!

MARC

LEADER 00000nam a22000003a 4500
001 stu178641
005 20190206105131.3
008 090127s2008----uk------------------eng-d
020 |a 978-1-84800-232-6 
040 |a STU  |b slo 
041 0 |a eng 
044 |a uk 
080 |a 681.513.54 
080 |a 519.673 
100 1 |a Huang, Biao  |4 aut 
245 1 |a Dynamic Modeling Predictive Control and Performance Monitoring :  |b A Data - driven Subspace Approach 
250 |a 1. Edition 
260 |a London :  |b Springer Verlag London,  |c 2008 
300 |a 240 s 
650 7 |a prediktívne riadiace systémy  |2 stusub 
650 7 |a matematické modelovanie  |2 stusub 
700 1 |a Kadali, Ramesh  |4 aut 
996 |b 284J034808  |c J*110608  |l JJK1  |s P  |a 0  |w stu178641_0001